LEADER 00916nam a2200205 i 4500 001 000000075661 003 CaOOAMICUS 005 20110607000000.0 008 110607s1864 it u000 u ita u 013 $a46833 040 $aSeMil$bita 100 1 $aZoncada, Antonio,$d<1813-1887>.$0(OLS)http://semarc/name/765 245 10$aDante e l'arte in Italia /$cdiscorso di Antonio Zoncada ... letto il dì 4 settembre 1864 in occasione della solenne distribuzione de' premi nella Scuola di pittura di Pavia. 260 $aPavia :$bEredi Bizzoni,$c1864. 300 $a67 p. ;$c22 cm. 650 4$aArte - Italia - Influssi danteschi.$0(OLS)http://semarc/subject/15450 850 $aSeMil 852 $aSeMil$W1$xVenegono$y1$m1F V 14 FA$j41813$B41813$CSeMilBibl$Z2$F41817 $8I 996 $6245$aDante e l'arte in Italia$9(OLS)http://semarc/title/122701 996 $6260$aPavia :$bEredi Bizzoni$9(OLS)http://semarc/publisher/38469 LEADER 00567nam a2200169 i 4500 001 000000103139 003 CaOOAMICUS 005 20260227121521.0 008 010917s1973 it u000 u ita u 040 $aSeMil$bita 245 10$a4: N-Sam. 300 $a1098 p., [9] c. di tav. 773 0 $tEnciclopedia dantesca.$dRoma : Istituto della Enciclopedia Italiana, 1970-1978.$g4$w()6616 850 $aSeMil 852 $aSeMil$W1$xVenegono$y1$mSL1.K V 4$j267791$B59600$CSeMilBibl$Z2$F44082 $8I 996 $6245$a4: N-Sam$9(OLS)http://semarc/title/149892